| 000 | 00620nam a22002057a 4500 | ||
|---|---|---|---|
| 005 | 20210325214842.0 | ||
| 008 | s1999 eng d | ||
| 020 | _a0749708603 | ||
| 041 | _aeng | ||
| 050 | _aPZ 7 M66 1999 | ||
| 100 | 0 | _aMooney, Bel | |
| 245 | 1 | 0 | _aWhy not? |
| 260 | 3 |
_aLondon : _bMammoth, _c1999 |
|
| 300 |
_a64 p. : _b ill. ; _c 20 cm. |
||
| 650 | 0 | 4 | _aChildren s fiction |
| 850 | _aNALT | ||
| 942 | _cGB | ||
| 997 | _c000000000077796 | ||
| 998 | _aนางสาวอรุณทิพย์ จันทร์ดิษฐ์ | ||
| 999 |
_c77796 _d77796 |
||